| 000 | 00811nam a2200253Ia 4500 | ||
|---|---|---|---|
| 003 | OSt | ||
| 005 | 20221005092630.0 | ||
| 006 | a|||||r|||| 00| 0 | ||
| 007 | ta | ||
| 008 | 221004b |||||||| |||| 00| 0 eng d | ||
| 020 |
_a9780739123454 (pbk) _c2484.47 |
||
| 024 | _a2425 | ||
| 037 |
_b36595, 04/01/2013, Segment Book Distributors _cTextual |
||
| 040 |
_aCRL _cCRL _beng |
||
| 041 |
_2eng _aeng |
||
| 082 | _a4,42, P9 | ||
| 100 | _aChristophers Brett | ||
| 245 | 0 |
_aEnvisioning media power _b On capital and geographies of television |
|
| 260 |
_aNew York _bRowman & Littlefield Pub U.S.A _c2009 |
||
| 300 |
_axiv, 467p. _ccm. |
||
| 650 |
_aJOUNRALISM _93876 |
||
| 942 |
_h4,42, P9 _cTEXL _2cc |
||
| 999 |
_c999127 _d999127 |
||